00846nam a2200193 i 450000100060000000300090000600500170001500700030003200800410003510000460007624501860012225000150030826000460032330000410036974000710041085200320048199900170051395201220053056076ES-MaACL20230906163258.0t|031002s1972 sp ||||1| spa d1 aDíaz-Plaja, Fernando,d1918-201294439613aLa España política del siglo XX en fotografías y documentos b: . Tomo Cuarto: Del final de la Guerra Civil al Príncipe Juan Carlos (1939-1969) /cpor Fernando Díaz-Plaja. a[1ª ed.]. a[Barcelona] : bPlaza & Janés, c[1972] a453 p., 11 lám. : bil. ; c25 cm.0 aDel final de la Guerra Civil al Príncipe Juan Carlos (1939-1969) aES-MaACLjC-55168 bR.84678 c56076d56076 00104070aATENEOMbATENEOMcDEPO2d2008-01-17eSCl0oC-55168p1058901r2023-02-23 00:00:00w2023-02-23yMONOGRAFIA